Statystyki dla Europejskie waluty sprzed euro

Kliknij tutaj aby rozwiązać quiz!

Ogólne statystyki

  • Ten quiz został rozwiązany 126 razy
    (89 od ostatniego zresetowania)
  • Średni wynik to 10 z 19

Statystyki odpowiedzi

krajwaluta% Poprawnych
Słowacjakorona
83%
Estoniakorona
83%
Finlandiamarka
82%
Niemcymarka
82%
Cyprfunt
69%
Maltalira
69%
Luksemburgfrank
68%
Francjafrank
68%
Belgiafrank
68%
Irlandiapunt
59%
Włochylira
56%
Litwalit
41%
Hiszpaniapeseta
37%
Łotwałat
36%
Holandiagulden
35%
Austriaszyling
35%
Grecjadrachma
27%
Portugaliaescudo
23%
Słoweniatolar
15%

Rozkład punktacji

Percentyl według liczby udzielonych odpowiedzi

Procent ludzi z każdym wynikiem

Twoja historia wyników

Nie rozwiązałeś tego quizu od ostatniego zresetowania